| 000 | 01009pam a2200289 a 4500 | ||
|---|---|---|---|
| 001 | 1434 | ||
| 005 | 20230908160155.0 | ||
| 020 | _a090129003990 | ||
| 040 |
_aDLC _cDLC _dDLC _beng |
||
| 050 | 0 | 0 | _aPZ7.O81167 |
| 082 | 0 | 0 |
_aFic _221 |
| 100 | 1 | _aOsborne, Mary Pope. | |
| 245 | 1 | 0 |
_aVacation under the volcano / _cby Mary Pope Osborne ; illustrated by Sal Murdocca. |
| 260 |
_aNew York : _bRandom House _c1998 |
||
| 300 |
_a74 pages : _billustrations ; _c20 cm |
||
| 490 |
_aMagic Tree House _vBook 13 |
||
| 500 | _a"A Stepping Stone book." | ||
| 505 | _aG | ||
| 520 | _aTheir magic tree house takes Annie and Jack to Pompeii just as Vesuvius is about to erupt, and they must find a Roman scroll before everything is covered with burning ash. | ||
| 521 | 0 |
_a410
_bLexile |
|
| 521 | 0 |
_aG
_bRaz-Plus |
|
| 650 | 1 |
_aTime travel _xFiction. |
|
| 650 | 1 |
_aTree houses _xFiction. |
|
| 700 | 1 |
_aMurdocca, Sal _eillustrator |
|
| 906 |
_a7 _bcbc _corignew _d1 _eocip _f19 _gy-gencatlg |
||
| 942 |
_2ddc _cBK _n0 |
||
| 999 |
_c1434 _d1434 |
||